The orchid and the dandelion : why some children struggle and how all can thrive /

Bibliographic Details
Main Author: Boyce, W. Thomas (Author)
Corporate Author: EBSCOhost
Format: eBook
Language:English
Published: New York : Knopf, 2019.
Subjects:
Online Access:Connect to the full text of this electronic book

MARC

Tag First Indicator Second Indicator Subfields
LEADER 00000cam a2200000Ii 4500
001 in00004050321
006 m o d
007 cr cnu---unuuu
008 190211t20192019nyu ob 001 0 eng d
005 20250816190857.4
020 |a 9781101946572  |q electronic book 
020 |a 1101946571  |q electronic book 
020 |z 9781101946565 
020 |z 1101946563 
024 8 |a 99979697414 
035 |a (NhCcYBP)EBSCO1653171 
040 |a NhCcYBP  |c NhCcYBP  |d UtOrBLW 
050 4 |a HQ755.8  |b .B694 2019 
072 7 |a FAM  |x 000000  |2 bisacsh 
082 0 4 |a 649/.1  |2 23 
084 |a PSY004000  |a FAM034000  |2 bisacsh 
100 1 |a Boyce, W. Thomas,  |e author.  |0 http://id.loc.gov/authorities/names/n84209193 
245 1 4 |a The orchid and the dandelion :  |b why some children struggle and how all can thrive /  |c W. Thomas , MD. 
264 1 |a New York :  |b Knopf,  |c 2019. 
264 4 |c ©2019 
300 |a 1 online resource. 
336 |a text  |b txt  |2 rdacontent 
337 |a computer  |b c  |2 rdamedia 
338 |a online resource  |b cr  |2 rdacarrier 
504 |a Includes bibliographical references and index. 
588 |a Description based on online resource; title from digital title page (viewed on February 12, 2019). 
500 |a Electronic resource. 
650 0 |a Parenting.  |0 http://id.loc.gov/authorities/subjects/sh85098009 
650 0 |a Developmental psychology.  |0 http://id.loc.gov/authorities/subjects/sh85037359 
655 7 |a Electronic books.  |2 local 
710 2 |a EBSCOhost. 
776 1 8 |i Print version:  |a Boyce, W. Thomas.  |t Orchid and the dandelion.  |d New York : Knopf, 2018  |z 9781101946565  |w (DLC) 2017060895 
856 4 0 |u http://proxy.library.tamu.edu/login?url=http://search.ebscohost.com/login.aspx?direct=true&scope=site&db=nlebk&db=nlabk&AN=1653171  |z Connect to the full text of this electronic book  |t 0 
955 |a YBP purchased firm e-records 
980 |b 85.00  |g 1 
987 |a ybp15965720 
999 f f |s 7badaaf9-11bd-3457-9eff-e4be1d0fb489  |i 3f5a1d1e-5f55-3c0f-9936-f1fbdb5337e4  |t 0 
952 f f |a Texas A&M University  |b College Station  |c Electronic Resources  |d Available Online  |t 0  |e HQ755.8 .B694 2019  |h Library of Congress classification 
998 f f |a HQ755.8 .B694 2019  |t 0  |l Available Online